Queer Methods and Methodologies (Record no. 11668)
[ view plain ]
| 000 -LEADER | |
|---|---|
| fixed length control field | 00681nam a2200121Ia 4500 |
| 008 - FIXED-LENGTH DATA ELEMENTS--GENERAL INFORMATION | |
| fixed length control field | 220615s9999||||xx |||||||||||||| ||und|| |
| 245 #0 - TITLE STATEMENT | |
| Title | Queer Methods and Methodologies |
| Remainder of title | Intersecting Queer Theories and Social Science Research |
| 546 ## - LANGUAGE NOTE | |
| Language note | English[eng] |
| 650 ## - SUBJECT ADDED ENTRY--TOPICAL TERM | |
| Topical term or geographic name entry element | Sociology||Ethnography||Feminism||Heteronormativity||Homosexuality||Lesbian||LGBT||Queer theory||Sexual identity||Sexual orientation |
| 700 ## - ADDED ENTRY--PERSONAL NAME | |
| Personal name | Browne, Kath||Nash, Catherine J. |
| 856 ## - ELECTRONIC LOCATION AND ACCESS | |
| Uniform Resource Identifier | <a href="https://library.oapen.org/bitstream/20.500.12657/30031/1/650065.pdf||https://library.oapen.org/bitstream/20.500.12657/30031/1/650065.pdf||https://library.oapen.org/bitstream/20.500.12657/30031/1/650065.pdf">https://library.oapen.org/bitstream/20.500.12657/30031/1/650065.pdf||https://library.oapen.org/bitstream/20.500.12657/30031/1/650065.pdf||https://library.oapen.org/bitstream/20.500.12657/30031/1/650065.pdf</a> |
| 942 ## - ADDED ENTRY ELEMENTS (KOHA) | |
| Koha item type | E-Books |
| Withdrawn status | Lost status | Damaged status | Not for loan | Home library | Current library | Date acquired | Total Checkouts | Date last seen | Price effective from | Koha item type |
|---|---|---|---|---|---|---|---|---|---|---|
| Kerala University of Digital Sciences, Innovation and Technology Knowledge Centre | Kerala University of Digital Sciences, Innovation and Technology Knowledge Centre | 15/06/2022 | 15/06/2022 | 15/06/2022 | E-Books |